| 000 | 00481nam a22001457a 4500 | ||
|---|---|---|---|
| 008 | 230510b |||||||| |||| 00| 0 eng d | ||
| 040 |
_aNational Science Library _cNational Science Library |
||
| 080 |
_aR 061.22.021:54(410) _bH4 |
||
| 245 |
_aInstitute of chemistry of great Britain and Ireland: _bRegister of fellows, associates & students |
||
| 260 |
_aLondon: _bRussell Square, _c1934 |
||
| 300 | _a414p. | ||
| 650 | _aChemistry | ||
| 653 | _aAssociates | ||
| 942 |
_2udc _cBK |
||
| 999 |
_c28437 _d28437 |
||